00725 2200241 4500001002100000005001700021008004100038020001800079035002500097040001200122082000800134090001500142100002900157245014000186250001200326260003300338300002300371650003000394700001100424850001200435990001800447990001800465YOGYA-1112000000001620150413090844.0 ind  a979-963-380-X a0010-111200000000016 aYOPDYOG a813 a813bAlA K aAL-AZIZY, Taufigwirahman aKitab Cinta Yusuf Zulaikhabnovel spiriitualitas cinta dan iman berbasis kisah Al-Qur ancTaufigwirrahman Al-Azizy ; penyunting, Vittah aCet. 14 aYogjakartabDiva Pressc2010 a503 hlm. ;c20 cm. aAl-Qur an - Cerita-cerita aVittah aYOPDYOG a49978-PD/B.10 a49979-PD/B.10